000
00298nam a22001337a 4500
003
SGT
082
_a
616.89, N12B
100
_a
BAUMEISTER, ROY F.
245
_a
NEW DIRECTIONS IN SOCIAL PSYCHOLOGY
260
_a
NEW DELHI
_b
SAGE
_c
2012
300
_a
487
650
_a
PSYCHOLOGY
942
_2
ddc
_c
BK
999
_c
9203
_d
9203